[Event "2nd GMA World Cup prel  #1"]
[Site "Belgrade YUG"]
[Date "1988.??.??"]
[Round "?"]
[White "Jokic, Miodrag"]
[Black "Liu Wenzhe"]
[Result "0-1"]
[WhiteElo "2300"]
[BlackElo "2395"]
[EventDate "1988.12.??"]
[PlyCount "83"]

1.d4 Nf6 2.c4 c5 3.d5 e6 4.Nc3 exd5 5.cxd5 d6 6.g3 g6 7.Bg2 Bg7 8.Nf3 O-O 
9.O-O Re8 10.Re1 a6 11.a4 Nbd7 12.Nd2 Rb8 13.Nc4 Ne5 14.Nxe5 Rxe5 15.a5 b5
16.axb6 Rxb6 17.e4 Re8 18.h3 Nd7 19.Qc2 f5 20.Bd2 Ne5 21.Na4 Rb8 22.f4 Nf7
23.Bc3 fxe4 24.Bxg7 Kxg7 25.Rxe4 Rxe4 26.Qxe4 Bf5 27.Qe2 Qa5 28.Bf1 Rb3 
29.Qf2 Qb4 30.Ra2 Bb1 31.Ra1 Be4 32.Nc3 Rxb2 33.Nxe4 Rxf2 34.Nxf2 a5 35.
Bd3 a4 36.Rb1 Qd4 37.Rb7 Qxd5 38.Be4 Qd4 39.Bc6 a3 40.Be8 a2 41.Bxf7 a1=Q+
42.Kg2 0-1

[Event "2nd GMA World Cup prel  #1"]
[Site "Belgrade YUG"]
[Date "1988.??.??"]
[Round "?"]
[White "Jokic, Miodrag"]
[Black "Riemersma, Liafbern"]
[Result "0-1"]
[WhiteElo "2300"]
[BlackElo "2380"]
[EventDate "1988.12.??"]
[PlyCount "118"]

1.d4 Nf6 2.c4 g6 3.Nc3 Bg7 4.e4 d6 5.h3 O-O 6.Nf3 Nbd7 7.Be3 e5 8.d5 Ne8 
9.g4 f5 10.gxf5 gxf5 11.exf5 Nc5 12.Bg5 Qd7 13.Nh4 Qf7 14.Qg4 Kh8 15.Rg1 
Nf6 16.Qg2 Rg8 17.Be2 Bd7 18.Qh1 Nh5 19.Ne4 Nxe4 20.Bxh5 Qxh5 21.Qxe4 Rgf8
22.Rg3 Bf6 23.Qg4 Qxg5 24.Qxg5 Bxg5 25.Rxg5 Rg8 26.Rg3 Raf8 27.Ke2 Bxf5 
28.Rxg8+ Kxg8 29.Rg1+ Kh8 30.Nxf5 Rxf5 31.Ke3 Rh5 32.Rg3 Rh4 33.b3 a6 34.
f3 h6 35.a4 a5 36.Kd3 Kh7 37.Ke3 Rd4 38.Ke2 Rh4 39.Ke3 c6 40.dxc6 bxc6 41.
Kd3 Rd4+ 42.Kc2 h5 43.c5 Kh6 44.cxd6 Rxd6 45.Rg8 Rd4 46.Re8 Rd5 47.h4 Kg6 
48.Rg8+ Kf5 49.Rg5+ Kf4 50.Rxh5 Kxf3 51.Rh8 e4 52.h5 e3 53.h6 e2 54.h7 
e1=Q 55.Rf8+ Kg4 56.Rg8+ Kf5 57.Rf8+ Kg6 58.h8=Q Rd2+ 59.Kc3 Qc1# 0-1

[Event "2nd GMA World Cup prel  #1"]
[Site "Belgrade YUG"]
[Date "1988.??.??"]
[Round "?"]
[White "Jokic, Miodrag"]
[Black "Veroci-Petronic, Zsuzsa"]
[Result "1/2-1/2"]
[WhiteElo "2300"]
[BlackElo "2330"]
[EventDate "1988.12.??"]
[PlyCount "81"]

1.d4 Nf6 2.c4 g6 3.Nc3 Bg7 4.e4 d6 5.h3 O-O 6.Be3 c5 7.d5 e6 8.Nf3 exd5 9.
exd5 Re8 10.Bd3 Bf5 11.g4 Bxd3 12.Qxd3 a6 13.Kf1 Nbd7 14.Re1 h5 15.g5 Nh7 
16.Kg2 Ne5 17.Nxe5 Rxe5 18.f4 Re8 19.Ne4 b5 20.b3 Qd7 21.Nd2 b4 22.Nf3 Re7
23.Bd2 Rae8 24.Rxe7 Rxe7 25.Re1 Nf8 26.Rxe7 Qxe7 27.Qe3 Qxe3 28.Bxe3 f5 
29.gxf6 Bxf6 30.Kg3 Kf7 31.f5 gxf5 32.Kf4 Kg6 33.Bf2 Nd7 34.Nh4+ Bxh4 35.
Bxh4 Nf6 36.Bg5 Ne4 37.Be7 Kf7 38.Kxf5 Kxe7 39.Kxe4 Kf6 40.Kf4 Kg6 41.h4 
1/2-1/2

[Event "2nd GMA World Cup prel  #1"]
[Site "Belgrade YUG"]
[Date "1988.??.??"]
[Round "?"]
[White "Jovic, Aleksandar"]
[Black "Abramovic, Bosko"]
[Result "0-1"]
[WhiteElo "2290"]
[BlackElo "2445"]
[EventDate "1988.12.??"]
[PlyCount "80"]

1.d4 Nf6 2.Nf3 e6 3.Bf4 b6 4.Nbd2 Bb7 5.e3 Be7 6.Bd3 Nh5 7.Bg3 d6 8.Qe2 a6
9.O-O Nd7 10.e4 c5 11.d5 Nxg3 12.hxg3 e5 13.c4 h5 14.Nh2 Bf6 15.Rfb1 g6 
16.a3 Kf8 17.Ndf1 Kg7 18.Ne3 Bc8 19.Bc2 h4 20.g4 Bg5 21.a4 Nf6 22.Ra3 Qd7 
23.b4 Qc7 24.b5 a5 25.Nef1 Bd7 26.Rh3 Rag8 27.f3 Bc8 28.Ne3 Qe7 29.Nd1 Bf4
30.Nf2 Nh7 31.Nf1 Ng5 32.Rh1 Kf8 33.Nd3 Bg3 34.Nxg3 hxg3 35.Rxh8 Rxh8 36.
Qe1 Nxf3+ 37.gxf3 Qh4 38.Kf1 Qh2 39.Nf2 gxf2 40.Qxf2 Qxf2+ 0-1

[Event "2nd GMA World Cup prel  #1"]
[Site "Belgrade YUG"]
[Date "1988.??.??"]
[Round "?"]
[White "Jovic, Aleksandar"]
[Black "Ostojic, Predrag"]
[Result "0-1"]
[WhiteElo "2290"]
[BlackElo "2390"]
[EventDate "1988.12.??"]
[PlyCount "68"]

1.d4 c5 2.Nf3 cxd4 3.Nxd4 d5 4.c4 dxc4 5.Qa4+ Bd7 6.Qxc4 Nc6 7.Nc3 Nf6 8.
e4 g6 9.Bg5 Bg7 10.Rd1 Qa5 11.Bd2 Qb6 12.Nxc6 Bxc6 13.e5 Nd7 14.e6 Ne5 15.
exf7+ Nxf7 16.Na4 Qc7 17.Nc5 O-O 18.Bf4 Qa5+ 19.Bd2 Qb6 20.Be2 Bxg2 21.Rg1
Bc6 22.h4 Kh8 23.Bc3 Ne5 24.Bxe5 Bxe5 25.h5 Rf4 26.Qc1 Qb4+ 27.Rd2 Rxf2 
28.Nd3 Rxe2+ 29.Kxe2 Qe4+ 30.Kd1 Qf3+ 31.Kc2 Be4 32.Qf1 Qe3 33.hxg6 Rc8+ 
34.Kb1 Qxd2 0-1

[Event "2nd GMA World Cup prel  #1"]
[Site "Belgrade YUG"]
[Date "1988.??.??"]
[Round "?"]
[White "Jovic, Aleksandar"]
[Black "Velikov, Petar"]
[Result "0-1"]
[WhiteElo "2290"]
[BlackElo "2485"]
[EventDate "1988.12.??"]
[PlyCount "92"]

1.d4 d5 2.Nf3 Nf6 3.Bf4 g6 4.e3 Bg7 5.h3 O-O 6.Bd3 b6 7.O-O Bb7 8.Nbd2 
Nbd7 9.Qe2 c5 10.c3 Re8 11.Ne5 Nxe5 12.Bxe5 Bh6 13.Rad1 Nd7 14.Bg3 e5 15.
dxe5 Nxe5 16.Bb5 Re6 17.Nf3 Nxf3+ 18.Qxf3 Qe7 19.Qg4 Bg7 20.Rd2 Rd8 21.Qa4
a6 22.Be2 Rxe3 23.Bh4 g5 24.fxe3 Qxe3+ 25.Rf2 Qxd2 26.Bxa6 Qe1+ 27.Rf1 
Qxh4 28.Qxh4 gxh4 29.Bxb7 d4 30.c4 Bh6 31.Rf3 d3 32.Bd5 d2 33.Rd3 Re8 34.
Bf3 Bf4 35.g4 hxg3 36.a4 Kg7 37.Kg2 Re1 38.h4 Rb1 39.b3 f5 40.Be2 Re1 41.
Bh5 Kf6 42.Bf3 Kg6 43.Rd5 Be3 44.Rd6+ Kg7 45.Kxg3 Bd4 46.Rxb6 Re3 0-1

[Event "2nd GMA World Cup prel  #1"]
[Site "Belgrade YUG"]
[Date "1988.??.??"]
[Round "?"]
[White "Jovicic, Milos"]
[Black "Okhotnik, Vladimir"]
[Result "0-1"]
[WhiteElo "2350"]
[BlackElo "2445"]
[EventDate "1988.12.??"]
[PlyCount "42"]

1.Nf3 d6 2.d4 Bg4 3.c4 Bxf3 4.exf3 Nd7 5.f4 e6 6.Nc3 Be7 7.Be2 c6 8.Qd3 
Ngf6 9.Bd2 d5 10.f5 dxc4 11.Qg3 Nb6 12.fxe6 fxe6 13.Qxg7 Rg8 14.Qh6 Qxd4 
15.Be3 Qe5 16.O-O-O Nbd5 17.Bd4 Qf5 18.Bxc4 Ng4 19.Qh3 Bg5+ 20.Rd2 Bxd2+ 
21.Kxd2 Qf4+ 0-1

[Event "2nd GMA World Cup prel  #1"]
[Site "Belgrade YUG"]
[Date "1988.??.??"]
[Round "?"]
[White "Jovicic, Milos"]
[Black "Zelic, Zdravko"]
[Result "0-1"]
[WhiteElo "2350"]
[BlackElo "2410"]
[EventDate "1988.12.??"]
[PlyCount "82"]

1.Nf3 Nf6 2.c4 e6 3.Nc3 Bb4 4.Qc2 O-O 5.b3 d5 6.e3 b6 7.Bb2 Bb7 8.Be2 Nbd7
9.cxd5 exd5 10.Nb5 c6 11.Nbd4 Rc8 12.Nf5 Re8 13.h4 Bf8 14.h5 c5 15.Rh3 h6 
16.Rg3 Kh8 17.Bb5 d4 18.Qc4 Bd5 19.Qa4 Rc7 20.N3xd4 cxd4 21.Qxd4 Re4 22.
Qd3 Nc5 23.Qe2 Bc6 24.Bxc6 Rxc6 25.d4 Ncd7 26.d5 Rc5 27.Rd1 Qc8 28.Nxh6 
gxh6 29.Qf3 Rc3 30.Rd2 Rc1+ 31.Bxc1 Qxc1+ 32.Qd1 Qxd1+ 33.Kxd1 Re5 34.Rf3 
Rxh5 35.d6 Kg7 36.Rf4 Re5 37.Rfd4 Ne4 38.Rc2 Nxd6 39.Rc6 Nf6 40.Rcxd6 Bxd6
41.Rxd6 Rd5+ 0-1

[Event "2nd GMA World Cup prel  #1"]
[Site "Belgrade YUG"]
[Date "1988.??.??"]
[Round "?"]
[White "Jukic, Mirko"]
[Black "Laketic, Gojko"]
[Result "0-1"]
[WhiteElo "2470"]
[BlackElo "2400"]
[EventDate "1988.12.??"]
[PlyCount "77"]

1.d4 Nf6 2.Nf3 e6 3.c4 b6 4.g3 Bb7 5.Bg2 Be7 6.Nc3 Ne4 7.Bd2 c5 8.d5 exd5 
9.cxd5 Nxd2 10.Nxd2 O-O 11.O-O d6 12.a3 Nd7 13.b4 a6 14.bxc5 Nxc5 15.Rb1 
Bc8 16.Nf3 Bf5 17.Rb2 Bf6 18.Nd4 Bd7 19.a4 Re8 20.Ra2 Rc8 21.Qd2 Nb3 22.
Nxb3 Bxc3 23.Qd3 b5 24.Nd4 Bxd4 25.Qxd4 bxa4 26.Bf3 Bb5 27.h4 Rc4 28.Qd2 
Qc7 29.h5 h6 30.Kg2 Rc8 31.Qe3 Rc3 32.Qf4 Qc4 33.Qxc4 R8xc4 34.Rfa1 Rc1 
35.Rxc1 Rxc1 36.Ra3 Kf8 37.Be4 Bxe2 38.f3 Bb5 39.Kf2 0-1

[Event "2nd GMA World Cup prel  #1"]
[Site "Belgrade YUG"]
[Date "1988.??.??"]
[Round "?"]
[White "Jukic, Mirko"]
[Black "Micic, Cedomir"]
[Result "1/2-1/2"]
[WhiteElo "2470"]
[BlackElo "2355"]
[EventDate "1988.12.??"]
[PlyCount "110"]

1.d4 d5 2.c4 e6 3.Nf3 Nf6 4.Nc3 c5 5.cxd5 exd5 6.g3 Nc6 7.Bg2 Be7 8.O-O 
O-O 9.dxc5 Bxc5 10.Bg5 d4 11.Ne4 Be7 12.Bxf6 Bxf6 13.Qd2 Be7 14.Rfd1 Bg4 
15.Qf4 Bxf3 16.Bxf3 f5 17.Nc3 Bg5 18.Bd5+ Kh8 19.Qf3 Ne5 20.Qg2 dxc3 21.
Bxb7 cxb2 22.Rab1 Qxd1+ 23.Rxd1 Bc1 24.Bxa8 b1=Q 25.Qd5 Qc2 26.Bb7 Ng6 27.
Ba6 Ba3 28.Rd4 Qc5 29.e3 Qb6 30.Bf1 Bb2 31.Rd3 Be5 32.Rb3 Qf6 33.Rb7 Bb8 
34.Qb5 Qd6 35.Bd3 f4 36.Qb2 Bc7 37.exf4 Nxf4 38.gxf4 Qxf4 39.Kf1 Be5 40.
Qc2 Qxh2 41.Be4 Bd4 42.Rf7 Rd8 43.Qd3 Qe5 44.Qf3 Bc5 45.Rf5 Qd4 46.Rh5 
Qd1+ 47.Qxd1 Rxd1+ 48.Ke2 Rd4 49.Bxh7 Bb6 50.Bg6+ Kg8 51.Re5 Rf4 52.f3 Rf6
53.Re8+ Rf8 54.Bh7+ Kf7 55.Bg6+ Kg8 1/2-1/2

[Event "2nd GMA World Cup prel  #1"]
[Site "Belgrade YUG"]
[Date "1988.??.??"]
[Round "?"]
[White "Jukic, Mirko"]
[Black "Voiska, Margarita"]
[Result "1/2-1/2"]
[WhiteElo "2470"]
[BlackElo "2350"]
[EventDate "1988.12.??"]
[PlyCount "33"]

1.d4 e6 2.c4 f5 3.g3 Nf6 4.Bg2 c6 5.Nf3 d5 6.O-O Bd6 7.b3 Qe7 8.Bb2 O-O 9.
Nbd2 b6 10.Ne5 Bb7 11.Qc2 a5 12.Rac1 Na6 13.Qb1 Rac8 14.Ndf3 Ne4 15.Rfd1 
f4 16.e3 fxg3 17.fxg3 1/2-1/2

[Event "2nd GMA World Cup prel  #1"]
[Site "Belgrade YUG"]
[Date "1988.??.??"]
[Round "?"]
[White "Kapetanovic, Armin"]
[Black "Blees, Albert"]
[Result "1-0"]
[WhiteElo "2395"]
[BlackElo "2350"]
[EventDate "1988.12.??"]
[PlyCount "77"]

1.Nf3 Nf6 2.d4 g6 3.c4 Bg7 4.g3 O-O 5.Bg2 d5 6.cxd5 Nxd5 7.O-O Nb6 8.Nc3 
Nc6 9.e3 e5 10.d5 Na5 11.e4 c6 12.Bg5 f6 13.Be3 cxd5 14.Bxb6 Qxb6 15.Nxd5 
Qd8 16.Rc1 Nc6 17.Qb3 Rf7 18.Rfd1 Be6 19.Qb5 Qf8 20.Qf1 Bg4 21.Rc3 Rd8 22.
Bh3 Bxf3 23.Rxf3 Nd4 24.Rxd4 exd4 25.Be6 Re8 26.Nxf6+ Bxf6 27.Rxf6 Rxe6 
28.Rxe6 Qc5 29.Re8+ Kg7 30.Rd8 Qb6 31.Rd5 Qxb2 32.a4 Qd2 33.e5 Rc7 34.Kg2 
Rc2 35.Rd7+ Kh6 36.e6 Qc3 37.Qd1 Qc6+ 38.Qf3 Re2 39.Rd5 1-0

[Event "2nd GMA World Cup prel  #1"]
[Site "Belgrade YUG"]
[Date "1988.??.??"]
[Round "?"]
[White "Kapetanovic, Armin"]
[Black "Paulic, Branko"]
[Result "1/2-1/2"]
[WhiteElo "2395"]
[BlackElo "2225"]
[EventDate "1988.12.??"]
[PlyCount "102"]

1.d4 Nf6 2.Nf3 g6 3.c4 Bg7 4.Nc3 O-O 5.g3 d6 6.Bg2 Nc6 7.d5 Na5 8.Nd2 c5 
9.Qc2 a6 10.b3 Bd7 11.O-O b5 12.Rb1 Rc8 13.Bb2 e5 14.Nd1 Nh5 15.e3 f5 16.
f4 e4 17.Bxg7 Nxg7 18.Qc3 b4 19.Qb2 Nb7 20.Nf2 a5 21.g4 Qf6 22.Qxf6 Rxf6 
23.a4 Rff8 24.gxf5 gxf5 25.Nh1 Rc7 26.Kf2 Rf6 27.Ng3 Rh6 28.Rh1 Rh4 29.
Rbg1 Kf8 30.Bf1 Be8 31.Be2 Bg6 32.Ngf1 Nd8 33.Rg2 Nf7 34.Rhg1 Rh6 35.Ng3 
Re7 36.Ke1 Rh4 37.Ndf1 Nh6 38.Nh1 Ng8 39.Nf2 Nf6 40.Rg3 Be8 41.Rh3 Rxh3 
42.Nxh3 h6 43.Ng3 Nd7 44.Nf2 Nb6 45.Kd2 Ra7 46.Ra1 Bg6 47.Nd1 Nd7 48.Nb2 
Nf6 49.Rg1 Kf7 50.Nd1 Ra8 51.Nf2 Rg8 1/2-1/2

[Event "2nd GMA World Cup prel  #1"]
[Site "Belgrade YUG"]
[Date "1988.??.??"]
[Round "?"]
[White "Kapetanovic, Armin"]
[Black "Rogic, Davor"]
[Result "1-0"]
[WhiteElo "2395"]
[BlackElo "2285"]
[EventDate "1988.12.??"]
[PlyCount "95"]

1.Nf3 Nf6 2.g3 g6 3.Bg2 Bg7 4.O-O O-O 5.c4 d6 6.d4 Nbd7 7.Qc2 e5 8.Rd1 Re8
9.Nc3 exd4 10.Nxd4 a5 11.b3 Nc5 12.Bb2 c6 13.a3 Qb6 14.Rab1 Ng4 15.e3 Bd7 
16.Ba1 Rxe3 17.Na4 Nxa4 18.bxa4 Qc5 19.fxe3 Nxe3 20.Nb3 Qxa3 21.Qd3 Nxd1 
22.Bxg7 Kxg7 23.Qxd1 Qxa4 24.Qxd6 Bf5 25.Qd4+ Kg8 26.Nc5 Qc2 27.Re1 h5 28.
Nxb7 Qd3 29.Qxd3 Bxd3 30.c5 Ra6 31.Re3 Bf5 32.Bf1 Ra8 33.Bc4 a4 34.Nd6 Be6
35.Bxe6 fxe6 36.Nc4 Kf7 37.Ra3 Kf6 38.Kf2 Kf5 39.Ke3 g5 40.h3 g4 41.h4 Ra7
42.Kd4 Ra8 43.Nd6+ Kf6 44.Kc4 Ke5 45.Re3+ Kf6 46.Kb4 Rf8 47.Kxa4 Rb8 48.
Nc4 1-0

[Event "2nd GMA World Cup prel  #1"]
[Site "Belgrade YUG"]
[Date "1988.??.??"]
[Round "?"]
[White "Karaklajic, Nikola"]
[Black "Cebalo, Miso"]
[Result "1/2-1/2"]
[WhiteElo "2385"]
[BlackElo "2510"]
[EventDate "1988.12.??"]
[PlyCount "89"]

1.e4 c5 2.c3 b6 3.d4 Bb7 4.Bd3 Nf6 5.f3 cxd4 6.cxd4 g6 7.Be3 Bg7 8.Nc3 d6 
9.Nge2 Nbd7 10.Rc1 O-O 11.O-O e5 12.Bc4 exd4 13.Nxd4 Rc8 14.Qe2 Re8 15.Ba6
Bxa6 16.Qxa6 Nc5 17.Qa3 d5 18.b4 Nd3 19.Rcd1 dxe4 20.Nxe4 Nxe4 21.Rxd3 Rc3
22.Rxc3 Nxc3 23.Qxc3 Rxe3 24.Nc6 Rxc3 25.Nxd8 Bd4+ 26.Kh1 Bf6 27.Rd1 Ra3 
28.Rd2 Bg5 29.f4 Bxf4 30.Rd7 Rxa2 31.g3 Rd2 32.Rxd2 Bxd2 33.b5 f5 34.Kg2 
Kg7 35.Kf3 h5 36.Nc6 g5 37.Nxa7 g4+ 38.Ke2 Bb4 39.Nc6 Bd6 40.Kf1 h4 41.Kg2
h3+ 42.Kh1 Kf6 43.Na7 Ke6 44.Nc8 Bc7 45.Nxb6 1/2-1/2

[Event "2nd GMA World Cup prel  #1"]
[Site "Belgrade YUG"]
[Date "1988.??.??"]
[Round "?"]
[White "Karaklajic, Nikola"]
[Black "Epishin, Vladimir"]
[Result "0-1"]
[WhiteElo "2385"]
[BlackElo "2475"]
[EventDate "1988.12.??"]
[PlyCount "46"]

1.e4 c5 2.c3 d6 3.d4 Nf6 4.dxc5 Nc6 5.f3 d5 6.exd5 Nxd5 7.Bc4 Be6 8.Na3 f6
9.Ne2 Bf7 10.Nb5 Rc8 11.Nbd4 e5 12.Nxc6 bxc6 13.b4 g6 14.O-O Bg7 15.f4 O-O
16.Qc2 f5 17.fxe5 Bxe5 18.Bxd5 Qxd5 19.Bf4 Bg7 20.Rfd1 Qc4 21.Nd4 Rfe8 22.
Qd3 Re1+ 23.Kf2 Qxd3 0-1

[Event "2nd GMA World Cup prel  #1"]
[Site "Belgrade YUG"]
[Date "1988.??.??"]
[Round "?"]
[White "Karaklajic, Nikola"]
[Black "Grimberg, Gilbert"]
[Result "0-1"]
[WhiteElo "2385"]
[BlackElo "2320"]
[EventDate "1988.12.??"]
[PlyCount "61"]

1.e4 e5 2.Nf3 Nf6 3.Nxe5 d6 4.Nf3 Nxe4 5.Qe2 Qe7 6.d3 Nf6 7.Bg5 Nbd7 8.Nc3
h6 9.Bh4 Qxe2+ 10.Bxe2 g6 11.O-O-O Bg7 12.Nd2 a6 13.f4 O-O 14.Bf3 c6 15.
Nde4 d5 16.Nd6 Nc5 17.Bf2 b6 18.Nxc8 Rfxc8 19.h4 h5 20.f5 gxf5 21.Bxc5 
bxc5 22.Na4 Rab8 23.b3 c4 24.dxc4 dxc4 25.Rd6 cxb3 26.axb3 Ne4 27.Rd7 Rd8 
28.Rxd8+ Rxd8 29.Bxh5 Bh6+ 30.Kb1 Rd2 31.Bf3 0-1

[Event "2nd GMA World Cup prel  #1"]
[Site "Belgrade YUG"]
[Date "1988.??.??"]
[Round "?"]
[White "Karaklajic, Nikola"]
[Black "Marjanovic, Slavoljub"]
[Result "1/2-1/2"]
[WhiteElo "2385"]
[BlackElo "2485"]
[EventDate "1988.12.??"]
[PlyCount "36"]

1.e4 c5 2.c3 d5 3.exd5 Qxd5 4.d4 e6 5.Nf3 Nf6 6.Na3 Qd8 7.Nc2 Nbd7 8.g3 b6
9.Bg2 Bb7 10.O-O Be7 11.Ne5 Qc7 12.Nxd7 Qxd7 13.dxc5 Bxg2 14.Kxg2 Bxc5 15.
Be3 Rc8 16.Qxd7+ Nxd7 17.Rfd1 Ke7 18.Rd2 Bxe3 1/2-1/2

[Event "2nd GMA World Cup prel  #1"]
[Site "Belgrade YUG"]
[Date "1988.??.??"]
[Round "?"]
[White "Karpman, Vadim"]
[Black "Rasidovic, Sead"]
[Result "1-0"]
[WhiteElo "2490"]
[BlackElo "2370"]
[EventDate "1988.12.??"]
[PlyCount "73"]

1.d4 e6 2.c4 f5 3.g3 Nf6 4.Bg2 Be7 5.Nf3 d6 6.b3 O-O 7.O-O Qe8 8.Nc3 c6 9.
Qc2 Qh5 10.e4 fxe4 11.Nxe4 e5 12.dxe5 dxe5 13.Bg5 Nbd7 14.Rae1 Bb4 15.Bd2 
Bxd2 16.Nfxd2 Ng4 17.h3 Nh6 18.Qc3 Nf7 19.f4 Qh6 20.f5 Nf6 21.g4 Rd8 22.
Rf2 Rd4 23.Qg3 Nxe4 24.Nxe4 c5 25.g5 Qb6 26.g6 hxg6 27.f6 Nh8 28.fxg7 Nf7 
29.Rxf7 Kxf7 30.Qxe5 Bf5 31.Ng5+ Kg8 32.Bd5+ Rxd5 33.Qxd5+ Kxg7 34.Re7+ 
Kf6 35.Qe5+ Kxg5 36.h4+ Kg4 37.Kf2 1-0

[Event "2nd GMA World Cup prel  #1"]
[Site "Belgrade YUG"]
[Date "1988.??.??"]
[Round "?"]
[White "Karpman, Vadim"]
[Black "Vucicevic, Moma"]
[Result "1/2-1/2"]
[WhiteElo "2490"]
[BlackElo "2370"]
[EventDate "1988.12.??"]
[PlyCount "44"]

1.d4 Nf6 2.c4 c5 3.d5 b5 4.cxb5 a6 5.b6 d6 6.Nc3 Nbd7 7.e4 g6 8.a4 Qxb6 9.
a5 Qc7 10.Nf3 Bg7 11.Be2 O-O 12.O-O Rb8 13.Nd2 Rb4 14.Nc4 Ne5 15.Nxe5 dxe5
16.Qc2 e6 17.Rd1 Rd4 18.Be3 Rd8 19.dxe6 Bxe6 20.Na4 Rxd1+ 21.Rxd1 Rxd1+ 
22.Qxd1 Nd7 1/2-1/2

[Event "2nd GMA World Cup prel  #1"]
[Site "Belgrade YUG"]
[Date "1988.??.??"]
[Round "?"]
[White "Khasin, Alexander"]
[Black "Dorfman, Iosif"]
[Result "0-1"]
[WhiteElo "2425"]
[BlackElo "2540"]
[EventDate "1988.12.??"]
[PlyCount "50"]

1.c4 c5 2.g3 Nf6 3.Bg2 d5 4.cxd5 Nxd5 5.Nc3 Nc7 6.Nf3 Nc6 7.a3 g6 8.O-O 
Bg7 9.d3 O-O 10.Qa4 Bd7 11.Qh4 e5 12.Ng5 h6 13.Nge4 g5 14.Qh5 Be8 15.Nxc5 
Qe7 16.b4 e4 17.Bd2 f5 18.Qh3 b6 19.Nb3 h5 20.Bh1 g4 21.Qg2 Bf7 22.Rfb1 
Bxb3 23.Rxb3 Nd4 24.Rbb1 exd3 25.Nd5 Qxe2 0-1

[Event "2nd GMA World Cup prel  #1"]
[Site "Belgrade YUG"]
[Date "1988.??.??"]
[Round "?"]
[White "Khasin, Alexander"]
[Black "Gurgenidze, Bukhuti"]
[Result "1-0"]
[WhiteElo "2425"]
[BlackElo "2365"]
[EventDate "1988.12.??"]
[PlyCount "53"]

1.Nf3 b6 2.g3 Bb7 3.Bg2 e5 4.d3 g6 5.c4 Bg7 6.Nc3 Ne7 7.e4 c5 8.h4 h6 9.
Nh2 Nbc6 10.h5 g5 11.O-O Nd4 12.f4 gxf4 13.gxf4 f5 14.Nb5 Nxb5 15.cxb5 
exf4 16.Bxf4 Bxb2 17.Nf3 fxe4 18.dxe4 d5 19.exd5 Bxa1 20.Qxa1 Rg8 21.d6 
Qd7 22.Qe5 a6 23.Kh2 Bc8 24.Re1 axb5 25.Qxe7+ Qxe7 26.Rxe7+ Kd8 27.Ne5 1-0

[Event "2nd GMA World Cup prel  #1"]
[Site "Belgrade YUG"]
[Date "1988.??.??"]
[Round "?"]
[White "Khasin, Alexander"]
[Black "Vratonjic, Slobodan"]
[Result "1/2-1/2"]
[WhiteElo "2425"]
[BlackElo "2360"]
[EventDate "1988.12.??"]
[PlyCount "83"]

1.Nf3 c5 2.g3 Nf6 3.Bg2 g6 4.c4 Bg7 5.Nc3 O-O 6.d4 cxd4 7.Nxd4 Nc6 8.O-O 
Ng4 9.e3 d6 10.b3 Nxd4 11.exd4 Nh6 12.Bb2 Nf5 13.d5 Bd7 14.Qd3 a6 15.Nd1 
b5 16.Bxg7 bxc4 17.Qxc4 Nxg7 18.Re1 Re8 19.Ne3 Qb6 20.Rac1 Rac8 21.Qe2 Qb5
22.Qd2 Rxc1 23.Rxc1 Rc8 24.Rxc8+ Bxc8 25.Bf1 Qb6 26.Nc4 Qc7 27.Qa5 Ne8 28.
b4 Bb7 29.a4 Qc8 30.Ne3 Nf6 31.Qb6 Nxd5 32.Nxd5 Bxd5 33.Qxa6 Qg4 34.Qd3 e6
35.f4 g5 36.Be2 Qh3 37.Bf3 Bxf3 38.Qxf3 Qf5 39.b5 Qb1+ 40.Qf1 Qb4 41.fxg5 
Qxa4 42.Qf6 1/2-1/2

[Event "2nd GMA World Cup prel  #1"]
[Site "Belgrade YUG"]
[Date "1988.??.??"]
[Round "?"]
[White "Klinger, Josef"]
[Black "Despotovic, Momcilo"]
[Result "1/2-1/2"]
[WhiteElo "2475"]
[BlackElo "2355"]
[EventDate "1988.12.??"]
[PlyCount "97"]

1.c4 e5 2.Nc3 Nf6 3.g3 c6 4.Bg2 d5 5.cxd5 cxd5 6.d4 exd4 7.Qxd4 Nc6 8.Qa4 
d4 9.Bxc6+ bxc6 10.Ne4 Qd5 11.Nxf6+ gxf6 12.Nf3 d3 13.e4 Qb5 14.Qxb5 cxb5 
15.Nd4 Bb7 16.f3 Bc5 17.Be3 O-O 18.Nf5 Rfc8 19.Kd2 Bxe3+ 20.Nxe3 f5 21.
exf5 Bxf3 22.Rhf1 Be2 23.Rfc1 Kg7 24.Nd5 Kh6 25.Nc7 Rab8 26.Rc6+ Kh5 27.
Rac1 Kg4 28.Rf6 Rf8 29.Nd5 Rb7 30.Ne3+ Kf3 31.Rh6 Re8 32.Rh4 Re4 33.Rxe4 
Kxe4 34.Rc6 h5 35.Rc5 f6 36.Nd5 Kxf5 37.Nf4+ Ke4 38.Nxh5 Kd4 39.b4 Rh7 40.
Rd5+ Kc4 41.Nxf6 Rxh2 42.Ke3 Kxb4 43.g4 a6 44.Ne4 Ka3 45.Nc5 a5 46.Nxd3 
Bxd3 47.Kxd3 Kb4 48.a3+ Ka4 49.Ke4 1/2-1/2

[Event "2nd GMA World Cup prel  #1"]
[Site "Belgrade YUG"]
[Date "1988.??.??"]
[Round "?"]
[White "Klinger, Josef"]
[Black "Maric, Dragan"]
[Result "1-0"]
[WhiteElo "2475"]
[BlackElo "2370"]
[EventDate "1988.12.??"]
[PlyCount "93"]

1.e4 Nc6 2.d4 e5 3.dxe5 Nxe5 4.Nf3 Nxf3+ 5.Qxf3 Qf6 6.Qe2 Bb4+ 7.c3 Bc5 8.
e5 Qf5 9.Nd2 Ne7 10.g4 Qe6 11.Ne4 Bb6 12.Ng5 Qd5 13.Rg1 Ng6 14.Rg2 Qxe5 
15.f4 Qxe2+ 16.Rxe2+ Ne7 17.Be3 d6 18.f5 Kf8 19.Bg2 h6 20.Nf3 Bxe3 21.Rxe3
Nd5 22.Re4 g6 23.fxg6 fxg6 24.Nh4 Kf7 25.O-O-O Nf6 26.Rc4 c6 27.Rxd6 Be6 
28.Rb4 Nxg4 29.Rxb7+ Kf6 30.Nxg6 Rhe8 31.Nf4 Ke5 32.Rxe6+ Kxf4 33.Rb4+ Kg5
34.Rxc6 Re1+ 35.Kd2 Rae8 36.Rc5+ Kh4 37.Bf3 h5 38.h3 Kg3 39.hxg4 h4 40.Bc6
R8e2+ 41.Kd3 h3 42.Re4 Rxe4 43.Bxe4 Kxg4 44.Bf5+ Kf4 45.Bxh3 Re3+ 46.Kc2 
Rxh3 47.Rc7 1-0

[Event "2nd GMA World Cup prel  #1"]
[Site "Belgrade YUG"]
[Date "1988.??.??"]
[Round "?"]
[White "Klinger, Josef"]
[Black "Ruban, Vadim"]
[Result "0-1"]
[WhiteElo "2475"]
[BlackElo "2395"]
[EventDate "1988.12.??"]
[PlyCount "76"]

1.c4 c5 2.Nf3 Nf6 3.g3 d5 4.cxd5 Nxd5 5.Bg2 Nc6 6.O-O e5 7.Nc3 Be6 8.b3 
Be7 9.Bb2 O-O 10.Rc1 f6 11.Nh4 Kh8 12.Qe1 Nb6 13.d3 Rc8 14.f4 exf4 15.gxf4
f5 16.Nf3 Bf6 17.Qg3 Nd4 18.e3 Ne2+ 19.Nxe2 Bxb2 20.Ng5 Bxc1 21.Nxe6 Qe7 
22.Nxf8 Bxe3+ 23.Kh1 Rxf8 24.Qf3 Rf7 25.Re1 Bd4 26.Qf1 Bf6 27.Ng3 Qf8 28.
Nxf5 Bc3 29.Rc1 Rxf5 30.Rxc3 Rxf4 31.Qc1 Nd7 32.d4 Rxd4 33.Bxb7 Qd6 34.Qg5
Rd1+ 35.Kg2 Rd2+ 36.Kf1 Nf6 37.Rxc5 Qd3+ 38.Kg1 Qb1+ 0-1

[Event "2nd GMA World Cup prel  #1"]
[Site "Belgrade YUG"]
[Date "1988.??.??"]
[Round "?"]
[White "Kontic, Dordije"]
[Black "Ernst, Thomas"]
[Result "1-0"]
[WhiteElo "2370"]
[BlackElo "2450"]
[EventDate "1988.12.??"]
[PlyCount "105"]

1.e4 c5 2.Nf3 d6 3.d4 cxd4 4.Nxd4 Nf6 5.Nc3 g6 6.Be3 Bg7 7.f3 O-O 8.Bc4 
Nc6 9.Bb3 Bd7 10.h4 Rc8 11.Qd2 Ne5 12.O-O-O Nc4 13.Bxc4 Rxc4 14.g4 Qa5 15.
Nb3 Qa6 16.e5 Ne8 17.Kb1 Bc6 18.Rh3 dxe5 19.h5 Rxc3 20.bxc3 Nd6 21.Bh6 Nc4
22.Qc1 Bxh6 23.Qxh6 Qa3 24.Qc1 Qxc1+ 25.Kxc1 g5 26.h6 f6 27.Nc5 Kf7 28.Rd3
Rc8 29.Ne4 Bxe4 30.fxe4 Nd6 31.Rhe3 Rc4 32.Kb2 Nxe4 33.Rd8 Nf2 34.Rh8 Nxg4
35.Rh3 Kg6 36.Rg8+ Kf5 37.Rg7 Rc7 38.Rxh7 e4 39.Rf7 Nxh6 40.Rxh6 Kg4 41.
Kc1 f5 42.Re6 Kf4 43.Kd2 g4 44.Rexe7 Rc5 45.Rc7 Ra5 46.Rxb7 Kf3 47.c4 e3+ 
48.Kd3 f4 49.Rbe7 Kg3 50.Re4 Ra3+ 51.c3 f3 52.Rxe3 Kg2 53.Rf4 1-0

[Event "2nd GMA World Cup prel  #1"]
[Site "Belgrade YUG"]
[Date "1988.??.??"]
[Round "?"]
[White "Kontic, Dordije"]
[Black "Mokry, Karel"]
[Result "1/2-1/2"]
[WhiteElo "2370"]
[BlackElo "2495"]
[EventDate "1988.12.??"]
[PlyCount "74"]

1.e4 c5 2.Nf3 e6 3.c3 Nf6 4.e5 Nd5 5.d4 cxd4 6.cxd4 b6 7.Nc3 Nxc3 8.bxc3 
Qc7 9.Bd2 Bb7 10.Bd3 d6 11.O-O Nd7 12.exd6 Bxd6 13.Qe2 O-O 14.Be4 Rac8 15.
Bxb7 Qxb7 16.a4 Qc6 17.Rfb1 Nf6 18.a5 Nd5 19.axb6 axb6 20.Rc1 Qc4 21.Qe4 
Rc7 22.Ng5 Nf6 23.Qf3 Rfc8 24.Ne4 Nxe4 25.Qxe4 b5 26.Rcb1 e5 27.Ra6 Bf8 
28.Raa1 exd4 29.Qxd4 Qc6 30.Be3 Rd7 31.Qg4 Re8 32.Qf5 Rd5 33.Qf3 Qe6 34.
Ra5 Qd7 35.Ra7 Qe6 36.Rb7 Rd3 37.R7xb5 Rxc3 1/2-1/2

[Event "2nd GMA World Cup prel  #1"]
[Site "Belgrade YUG"]
[Date "1988.??.??"]
[Round "?"]
[White "Kontic, Dordije"]
[Black "Paulic, Branko"]
[Result "1-0"]
[WhiteElo "2370"]
[BlackElo "2225"]
[EventDate "1988.12.??"]
[PlyCount "85"]

1.e4 e6 2.d4 d5 3.e5 c5 4.c3 Qb6 5.Nf3 Nc6 6.a3 Bd7 7.b4 cxd4 8.cxd4 Rc8 
9.Be3 Nge7 10.Bd3 Nf5 11.Bxf5 exf5 12.O-O Nd8 13.Qd2 Bb5 14.Re1 Ne6 15.Nc3
Bc4 16.Rac1 Qd8 17.g3 b5 18.Qc2 Qd7 19.Qxf5 Be7 20.Nd2 O-O 21.f4 a5 22.Qb1
axb4 23.axb4 f5 24.exf6 Bxf6 25.Nf3 g6 26.Kg2 Bg7 27.Qc2 Rf5 28.Qd2 Rcf8 
29.Nd1 g5 30.Nxg5 Nxg5 31.fxg5 Qf7 32.Nf2 Qh5 33.Bf4 Qg6 34.Re7 Ra8 35.
Rce1 Ra2 36.Qe3 Rf8 37.Rc7 Rc2 38.Kg1 Ra2 39.Ng4 Qc2 40.Rxg7+ Kh8 41.Rxh7+
Qxh7 42.Be5+ Kg8 43.Nh6+ 1-0